Keeper of the lost cities quiz - Statistics

General Stats
  • This quiz has been taken 118 times
  • The average score is 11 of 15
Answer Stats
Question Answer % Correct
What is the name of the author of GDCP? Shannon Messenger
100%
Who does Sophie meet at Exilium ? Tam & Linh
83%
Who is Sophie kidnapped with ? Dex
79%
Who announces to Sophie that she is an elf ? Fitz
79%
What is the name of the alicorn that Sophie discovers ? Silvenie
79%
Who does Fintan kill after being cured ? Kenric
77%
What are their talents ? Tenebrous & Hydrokinesist
75%
Who is Sophie's best friend? Dex
73%
Because of which event Alden with the broken spirit ? The memory breaker guilt of Prentice
73%
Who does Sophie find hidden in the closet at the end of volume 5 ? Amy
69%
What town did the Black Swan leave them in ? Paris
69%
Which city is half flooded after the passage of Sophie and her friends ? Ravagog
63%
Who is Sophie in love with ? Fitz
58%
What are the names of the first five volumes in order ? GDCP, Exile, the Great Blaze, the Invisibles, Polaris Project
42%
What powers does the Black Swan trigger in Sophie at this time ? Polyglot, Instiller
35%
No matching quizzes found
Score Distribution
Percent of People with Each Score
Percentile by Number Answered
Your Score History
You have not taken this quiz